000 00897nam a22002297a 4500
999 _c11990
_d11990
003 AR-CdUCM
008 190405b ||||| |||| 00| 0 spa d
040 _aMUNICIPALIDAD PROVINCIAL DEL CUSCO
_cBIBLIOTECA MUNICIPAL DEL CUSCO
082 _a364 /
_bG26 / 1922
100 _aGarofalo, R
_928510
245 _aLa criminologia :
_bLos términos del problema penal /
260 _aMadrid :
_bLa España moderna,
_c1922.
300 _a528 páginas ;
_c20 cm.
440 _aBiblioteca de jurisprudencia, filosofía e historia
_929630
505 _aContenido : El delito natural -- Del delito según los juristas -- La anomalía del criminal -- Influencia de la educación sobre los instintos criminales ...
650 _aCriminologia
_97441
650 _aDerecho
_9739
650 _aLeyes
_94808
700 _aCarelli, Luis (Coautor)
_929631
942 _2ddc
_cLIBROS
945 _arah
_d05/04/2019